MARC
| LEADER | 00000cam a2200000 7i4500 | ||
|---|---|---|---|
| 001 | 0000021696 | ||
| 005 | 20090107.0 | ||
| 008 | 081022s si a i eng | ||
| 020 | |a 9789812456830 | ||
| 040 | |a INS | ||
| 090 | 0 | 0 | |a NC730 |b 69 2008 |
| 100 | 1 | |a Poxon, David | |
| 245 | 1 | 0 | |a Different strokes : |b pencil drawing |c David Poxon |
| 260 | |a Singapore : |b Pageone , |c 2008 | ||
| 300 | |a 128p. : |b ill.col. ; |c 28cm. | ||
| 500 | |a Includes index | ||
| 650 | 0 | 0 | |a Drawing |x Technique |
| 999 | |a 0000020215 |b BOOK |c Open Shelf |e Default branch | ||